[Event "Botvinnik 100th Open"]
[Site "St Petersburg RUS"]
[Date "2011.08.19"]
[Round "8"]
[White "Dvoirys, Semen I."]
[Black "Zvjaginsev, Vadim"]
[Result "1-0"]
[WhiteTitle "GM"]
[BlackTitle "GM"]
[WhiteElo "2554"]
[BlackElo "2659"]
[WhiteFideId "4100379"]
[BlackFideId "4113403"]
[EventDate "2011.08.12"]

1. e4 c5 2. Nf3 d6 3. d4 cxd4 4. Nxd4 Nf6 5. Nc3 Bd7 6. Bc4 e6 7. Ndb5 Bxb5 8.
Bxb5+ Nc6 9. O-O Be7 10. Re1 O-O 11. Bf1 Rc8 12. b3 d5 13. exd5 exd5 14. Bb2 d4
15. Ne2 Bc5 16. Nf4 Bb4 17. Re2 Bd6 18. Nd3 Nd5 19. g3 Nc3 20. Bxc3 dxc3 21. Bg2
Qf6 22. Bxc6 Rxc6 23. Re4 g6 24. Qe2 Ra6 25. a4 Ra5 26. Re1 Rd5 27. Rc4 Rd8 28.
Qe4 Bb8 29. Qe7 Qf3 30. Rxc3 R5d7 31. Qe4 Qf6 32. Rc4 a6 33. Kg2 Ba7 34. Qe5 Bd4
35. Qe4 Kg7 36. Re2 Qd6 37. Qf3 Qf6 38. Qxf6+ Kxf6 39. Kf3 h5 40. h4 Kg7 41. a5
Rb8 42. b4 b6 43. Ne5 Rd6 44. Rxd4 Rxd4 45. Nc6 Rdd8 46. axb6 Rdc8 47. Nxb8 Rxb8
48. Ke4 Rxb6 49. c3 Rd6 50. c4 Rb6 51. Rb2 Kf8 52. Kd5 Ke7 53. c5 Rf6 54. Re2+
Kd7 55. c6+ Kc7 56. Re7+ Kc8 57. f4 1-0

[Event "Botvinnik 100th Open"]
[Site "St Petersburg RUS"]
[Date "2011.08.19"]
[Round "8"]
[White "Savchenko, Boris"]
[Black "Maletin, Pavel"]
[Result "1/2-1/2"]
[WhiteTitle "GM"]
[BlackTitle "GM"]
[WhiteElo "2615"]
[BlackElo "2575"]
[WhiteFideId "4147332"]
[BlackFideId "4146786"]
[EventDate "2011.08.12"]

1. e4 c5 2. g3 d5 3. exd5 Qxd5 4. Nf3 Bg4 5. Bg2 Qe6+ 6. Kf1 Nc6 7. h3 Bh5 8.
Nc3 Nf6 9. d3 Qd7 10. g4 Bg6 11. g5 Nd5 12. Nxd5 Qxd5 13. Qe1 O-O-O 14. Nh4 Qd6
15. Nxg6 hxg6 16. h4 e6 17. Rh3 Be7 18. c3 Qc7 19. Qe4 Bd6 20. a3 Ne7 21. b4 Nf5
22. bxc5 Bxc5 23. Rb1 b6 24. Bf4 Bd6 25. Rb4 Kd7 26. Bxd6 Qxd6 27. a4 Ke7 28.
Kg1 Rc8 29. d4 Rc7 30. Rb3 Rhc8 31. Bf1 Qc6 32. Qxc6 Rxc6 33. Be2 Nd6 34. a5
bxa5 35. Ra3 a6 36. Rxa5 Rxc3 37. Rxc3 Rxc3 38. Rxa6 Rc7 39. Bd3 Rd7 40. Kg2 Nf5
41. Bxf5 gxf5 42. h5 Rxd4 43. Ra7+ Kd6 44. f3 Rh4 45. Rxf7 Rxh5 46. Rxg7 f4 47.
g6 Ke5 48. Rg8 1/2-1/2

[Event "Botvinnik 100th Open"]
[Site "St Petersburg RUS"]
[Date "2011.08.19"]
[Round "8"]
[White "Kornyukov, Alexey"]
[Black "Kuzubov, Yuriy"]
[Result "0-1"]
[WhiteTitle "IM"]
[BlackTitle "GM"]
[WhiteElo "2485"]
[BlackElo "2630"]
[WhiteFideId "4150457"]
[BlackFideId "14112906"]
[EventDate "2011.08.12"]

1. d4 Nf6 2. Nf3 g6 3. c4 Bg7 4. Nc3 O-O 5. e4 d6 6. h3 Qe8 7. Be3 Na6 8. Bd3 e5
9. O-O exd4 10. Bxd4 Nb4 11. Re1 Qd8 12. Nd5 c5 13. Bc3 Nbxd5 14. exd5 Nh5 15.
Qd2 Bd7 16. Bxg7 Kxg7 17. g4 Qf6 18. gxh5 Qxf3 19. h6+ Kg8 20. Qc3 f6 21. Re7
Qxh3 22. Rg7+ Kh8 23. Re1 Rae8 24. Ree7 Rxe7 25. Rxe7 Qg4+ 26. Kf1 Qh4 27. Ke1
Re8 28. Rxe8+ Bxe8 29. Qa5 Qxh6 30. Qc7 Qc1+ 31. Ke2 Qxb2+ 32. Kf3 Qe5 33. Qxb7
a5 34. Kg2 Kg8 35. a4 Bxa4 36. Qa8+ Kg7 37. Qxa5 Bd1 38. Qc7+ Kh6 39. Qd7 Qg5+
40. Kh2 Qf4+ 0-1

[Event "Botvinnik 100th Open"]
[Site "St Petersburg RUS"]
[Date "2011.08.19"]
[Round "8"]
[White "Epishin, Vladimir"]
[Black "Rozum, Ivan"]
[Result "1/2-1/2"]
[WhiteTitle "GM"]
[BlackTitle "IM"]
[WhiteElo "2553"]
[BlackElo "2464"]
[WhiteFideId "4162714"]
[BlackFideId "24104272"]
[EventDate "2011.08.12"]

1. d4 Nf6 2. Nf3 g6 3. c4 Bg7 4. Nc3 O-O 5. Bg5 c5 6. e3 cxd4 7. Nxd4 Qa5 8.
Bxf6 Bxf6 9. Qd2 Nc6 10. Rd1 d6 11. Be2 Nxd4 12. exd4 Qg5 13. Qxg5 Bxg5 14. O-O
Bf5 15. h3 Rfc8 16. b3 Bc2 17. Ra1 Rab8 18. Bg4 f5 19. Bf3 Bd2 20. Nd5 Kf7 21.
Ne3 Bd3 22. Rad1 Bxe3 23. Rxd3 Bg5 24. b4 Rc7 25. c5 Rd8 26. Rfd1 dxc5 27. bxc5
Bf6 28. g4 e5 29. dxe5 Rxd3 30. Rxd3 Bxe5 31. gxf5 gxf5 32. Ra3 a6 33. c6 bxc6
34. Rxa6 c5 35. Bd5+ Kg7 36. Rc6 Rxc6 37. Bxc6 Kf6 38. Bb5 Bc3 39. Bd3 Ke5 40.
Kf1 h6 1/2-1/2

[Event "Botvinnik 100th Open"]
[Site "St Petersburg RUS"]
[Date "2011.08.19"]
[Round "8"]
[White "Popov, Valerij"]
[Black "Aitbayev, Aslan"]
[Result "1-0"]
[WhiteTitle "GM"]
[WhiteElo "2550"]
[BlackElo "2346"]
[WhiteFideId "4119410"]
[BlackFideId "13704613"]
[EventDate "2011.08.12"]

1. Nf3 d5 2. d4 Nf6 3. c4 c6 4. e3 e6 5. Bd3 a6 6. O-O dxc4 7. Bxc4 b5 8. Bd3 c5
9. a4 b4 10. e4 Bb7 11. e5 Nd5 12. Nbd2 cxd4 13. Nxd4 Nf4 14. N2f3 Nxd3 15. Qxd3
Be7 16. Rd1 O-O 17. Qe2 Nd7 18. Bf4 Rc8 19. Nf5 Bxf3 20. Nxe7+ Qxe7 21. Qxf3 Nb6
22. Qg3 Kh8 23. Bg5 Qb7 24. Rd4 Rc4 25. Bf6 gxf6 26. exf6 1-0

[Event "Botvinnik 100th Open"]
[Site "St Petersburg RUS"]
[Date "2011.08.19"]
[Round "8"]
[White "Levin, Evgeny A."]
[Black "Pridorozhni, Aleksei"]
[Result "1/2-1/2"]
[WhiteTitle "GM"]
[BlackTitle "GM"]
[WhiteElo "2465"]
[BlackElo "2550"]
[WhiteFideId "4182596"]
[BlackFideId "4127870"]
[EventDate "2011.08.12"]

1. d4 d5 2. c4 e6 3. Nf3 c6 4. e3 f5 5. Bd3 Nf6 6. O-O Bd6 7. b3 Qe7 8. Bb2 O-O
9. Qc1 b6 10. Ba3 Bb7 11. Bxd6 Qxd6 12. Nc3 Ne4 13. Ne2 Nd7 14. Qb2 a5 15. Rac1
Rac8 16. Rfd1 Qe7 17. a3 c5 18. cxd5 exd5 19. dxc5 bxc5 20. Bb5 Ndf6 21. Qe5 Rf7
22. h3 Qxe5 23. Nxe5 Re7 24. Nf3 g5 25. Nc3 h6 26. Ne1 Kg7 27. Bf1 Nxc3 28. Rxc3
Ne4 29. Rcc1 Kf6 30. Bb5 Rec7 31. Nf3 Nd6 32. Be2 a4 33. bxa4 Ra8 34. Bb5 Nxb5
35. axb5 Rxa3 36. Rd2 Rc8 37. Rdc2 c4 38. Kf1 Rca8 39. Ke2 f4 40. Nd4 Ra2 41.
Kd2 Ke5 42. Rxa2 Rxa2+ 43. Rc2 Ra8 44. Ke2 Ke4 45. Ne6 Rc8 46. Ra2 fxe3 47. fxe3
Ke5 48. Nd4 Kd6 49. Ra7 Rb8 50. Ra1 Rf8 51. Ra7 Rb8 52. Ra1 1/2-1/2

[Event "Botvinnik 100th Open"]
[Site "St Petersburg RUS"]
[Date "2011.08.19"]
[Round "8"]
[White "Predke, Alexandr"]
[Black "Yakovich, Yuri"]
[Result "0-1"]
[BlackTitle "GM"]
[WhiteElo "2450"]
[BlackElo "2539"]
[WhiteFideId "24107581"]
[BlackFideId "4100654"]
[EventDate "2011.08.12"]

1. e4 c5 2. Nf3 Nc6 3. Bb5 g6 4. Bxc6 dxc6 5. d3 Bg7 6. h3 b6 7. O-O Nh6 8. Nbd2
O-O 9. a4 e5 10. a5 Rb8 11. Nc4 f6 12. Be3 Nf7 13. Qb1 Qc7 14. axb6 axb6 15. b4
cxb4 16. Qxb4 c5 17. Qc3 Bd7 18. Rfb1 Rfc8 19. Ra6 b5 20. Ncd2 Rb6 21. Rba1 Bf8
22. Ra7 Rb7 23. R7a6 Rb6 24. Ra7 Rb7 25. R7a6 Be7 26. Nb3 Nd8 27. Qe1 Ne6 28.
Bd2 Kf7 29. Qe3 Bf8 30. Nh2 Qb8 31. Qf3 c4 32. Ng4 cxb3 33. Rxe6 Bxe6 34. Qxf6+
Kg8 35. Qxe6+ Kh8 36. Qxb3 Qc7 37. Ra2 Bg7 38. Ne3 Qc6 39. Nd5 h5 40. Be3 Kh7
41. c3 Bh6 42. Bxh6 Kxh6 43. Ra5 Qc5 44. Qa3 Qxa3 45. Rxa3 Rbb8 46. Ra5 Ra8 47.
Rxb5 Ra1+ 48. Kh2 Rd1 49. Ne7 Rxc3 50. Rb6 Kg7 51. Nxg6 Rdxd3 52. Nxe5 Rd2 53.
Rg6+ Kh7 54. f3 Rc7 55. Rg5 Kh6 56. Rg6+ Kh7 57. h4 Rg7 58. Rxg7+ Kxg7 59. Kg3
Kf6 60. Nc4 Ra2 61. Nd6 Ke5 62. Nf5 Ra8 0-1

[Event "Botvinnik 100th Open"]
[Site "St Petersburg RUS"]
[Date "2011.08.19"]
[Round "8"]
[White "Tunik, Gennady"]
[Black "Yevseev, Denis"]
[Result "1/2-1/2"]
[WhiteTitle "GM"]
[BlackTitle "GM"]
[WhiteElo "2440"]
[BlackElo "2527"]
[WhiteFideId "4101219"]
[BlackFideId "4126378"]
[EventDate "2011.08.12"]

1. d4 Nf6 2. c4 g6 3. Nc3 Bg7 4. e4 d6 5. Nf3 O-O 6. Be2 e5 7. O-O Nc6 8. d5 Ne7
9. b4 Nh5 10. c5 Nf4 11. Bxf4 exf4 12. Rc1 h6 13. Nd4 a5 14. a3 axb4 15. axb4
dxc5 16. bxc5 Nc6 17. Nxc6 bxc6 18. dxc6 Bxc3 19. Qxd8 Rxd8 20. Rxc3 Ba6 21.
Bxa6 Rxa6 22. g3 fxg3 23. hxg3 Rxc6 24. Rc2 g5 25. Kg2 Re8 26. f3 Re5 27. Rfc1
g4 28. fxg4 Rxe4 29. Rc4 Re2+ 30. Kf3 Re5 31. R1c2 Kg7 32. Kg2 Kg6 33. Kh3 Kg7
34. Kg2 Kg6 35. Kh3 Kg7 36. Kg2 Kg6 1/2-1/2

[Event "Botvinnik 100th Open"]
[Site "St Petersburg RUS"]
[Date "2011.08.19"]
[Round "8"]
[White "Neverov, Valeriy"]
[Black "Polivanov, Anatoliy"]
[Result "1-0"]
[WhiteTitle "GM"]
[BlackTitle "IM"]
[WhiteElo "2500"]
[BlackElo "2435"]
[WhiteFideId "14100150"]
[BlackFideId "14109468"]
[EventDate "2011.08.12"]

1. d4 Nf6 2. c4 d6 3. Nf3 Nbd7 4. Nc3 g6 5. e4 e5 6. Be2 Bg7 7. O-O O-O 8. Qc2
Nh5 9. Rd1 Nf4 10. Bf1 c5 11. dxc5 dxc5 12. Bxf4 exf4 13. g3 fxg3 14. hxg3 Qe8
15. Bg2 Ne5 16. Nxe5 Bxe5 17. f4 Bxc3 18. Qxc3 Bg4 19. Rd5 b6 20. f5 Rd8 21. f6
Rxd5 22. cxd5 Qa4 23. Re1 Qd4+ 24. Re3 Rc8 25. Kh2 Kf8 26. e5 Re8 27. Re4 Qxc3
28. bxc3 Bf5 29. Re1 b5 30. Bh3 Bxh3 31. Kxh3 Rd8 32. Rd1 Ke8 33. Kg4 h6 34. Kf4
a5 35. Ke4 b4 36. Rh1 bxc3 37. Rxh6 c2 38. Rh1 Kd7 39. Rc1 Rb8 40. Rxc2 Rb4+ 41.
Ke3 c4 42. Rc3 Rb2 43. a3 Rb3 44. Kd4 1-0

[Event "Botvinnik 100th Open"]
[Site "St Petersburg RUS"]
[Date "2011.08.19"]
[Round "8"]
[White "Solovjov, Sergey I."]
[Black "Lintchevski, Daniil"]
[Result "0-1"]
[WhiteTitle "IM"]
[BlackTitle "GM"]
[WhiteElo "2387"]
[BlackElo "2553"]
[WhiteFideId "4122780"]
[BlackFideId "4171055"]
[EventDate "2011.08.12"]

1. e4 c6 2. d4 d5 3. Nd2 dxe4 4. Nxe4 Bf5 5. Ng3 Bg6 6. h4 h6 7. Nf3 Nd7 8. h5
Bh7 9. Bd3 Bxd3 10. Qxd3 e6 11. Bd2 Ngf6 12. O-O-O Be7 13. Qe2 c5 14. dxc5 Qc7
15. Bc3 O-O 16. c6 bxc6 17. Ne5 Nb6 18. f4 Na4 19. Bd2 Rab8 20. b3 Nd5 21. Ne4
Qb6 22. Rh3 Rfd8 23. Rg3 Ba3+ 24. Kb1 f5 25. Nc4 Qd4 26. c3 Qxe4+ 27. Qxe4
Ndxc3+ 28. Kc2 Nxe4 29. Rg6 Nxd2 30. Nxa3 Ne4 31. Rxd8+ Rxd8 32. bxa4 Rd2+ 33.
Kb3 Rd3+ 34. Kb2 Nf6 0-1

[Event "Botvinnik 100th Open"]
[Site "St Petersburg RUS"]
[Date "2011.08.19"]
[Round "8"]
[White "Fedoseev, Vladimir3"]
[Black "Pankov, German"]
[Result "0-1"]
[WhiteTitle "GM"]
[BlackTitle "FM"]
[WhiteElo "2520"]
[BlackElo "2387"]
[WhiteFideId "24130737"]
[BlackFideId "4174569"]
[EventDate "2011.08.12"]

1. d4 d5 2. Nf3 Nf6 3. c4 c6 4. Qb3 Qb6 5. Nc3 Bf5 6. cxd5 Qxb3 7. axb3 Nxd5 8.
e4 Nxc3 9. exf5 Nd5 10. Bd2 g6 11. g4 Nd7 12. b4 Bg7 13. Bc4 e6 14. fxe6 fxe6
15. b5 O-O 16. bxc6 bxc6 17. Ke2 c5 18. Bb5 N7f6 19. dxc5 Ne4 20. Bc6 Rab8 21.
Rxa7 Rxb2 22. Rb7 Nec3+ 23. Kf1 Rxb7 24. Bxb7 Rxf3 25. Kg2 Rf7 26. Bc8 Nc7 27.
Re1 Bd4 28. f3 e5 29. c6 Kg7 30. Bb7 N3d5 31. Rb1 e4 32. fxe4 Rf2+ 33. Kg3 Nf6
34. Be1 Nxe4+ 0-1

[Event "Botvinnik 100th Open"]
[Site "St Petersburg RUS"]
[Date "2011.08.19"]
[Round "8"]
[White "Payen, Arnaud"]
[Black "Iljin, Timofey"]
[Result "1-0"]
[WhiteTitle "IM"]
[BlackTitle "IM"]
[WhiteElo "2339"]
[BlackElo "2504"]
[WhiteFideId "600814"]
[BlackFideId "14110180"]
[EventDate "2011.08.12"]

1. d4 Nf6 2. c4 e6 3. g3 d5 4. Nf3 dxc4 5. Qa4+ Nc6 6. Bg2 Bb4+ 7. Bd2 Nd5 8.
Bxb4 Nxb4 9. O-O O-O 10. a3 Nd5 11. Qxc4 Nb6 12. Qc5 a5 13. b3 e5 14. dxe5 Nd7
15. Qc3 Re8 16. Rc1 Nb6 17. Nbd2 Bg4 18. h3 Bh5 19. e3 Rc8 20. Nd4 Nxe5 21. Qxa5
c6 22. f4 Nd3 23. Qxh5 Nxc1 24. Rxc1 Rxe3 25. N2f3 Rd3 26. Qc5 Nd5 27. Qc4 Re3
28. Nf5 Re8 29. Ne5 Ra8 30. a4 Qf6 31. Be4 Rad8 32. Rd1 Qe6 33. Re1 f6 34. Nf3
Kh8 35. h4 g6 36. Bxd5 Qxf5 37. Be6 Qa5 38. h5 Qxh5 39. Qc3 Kg7 40. Kf2 Ra8 41.
Kg2 Qa5 42. Qc1 Rad8 43. f5 Rd6 44. Qf4 Qc5 45. g4 h6 46. b4 Qc2+ 47. Kg3 Red8
48. fxg6 Qxg6 49. Bf5 Qf7 50. Rh1 Kf8 51. Rxh6 Qg7 52. Rh7 Kg8 53. Rxg7+ Kxg7 1-0

[Event "Botvinnik 100th Open"]
[Site "St Petersburg RUS"]
[Date "2011.08.19"]
[Round "8"]
[White "Onischuk, Vladimir"]
[Black "Alexikov, Alexander"]
[Result "1/2-1/2"]
[WhiteTitle "IM"]
[BlackTitle "IM"]
[WhiteElo "2490"]
[BlackElo "2353"]
[WhiteFideId "14114038"]
[BlackFideId "14103958"]
[EventDate "2011.08.12"]

1. e4 c5 2. Nf3 d6 3. d4 cxd4 4. Nxd4 Nf6 5. Nc3 g6 6. Be2 Bg7 7. O-O Nc6 8. Nb3
O-O 9. Bg5 a6 10. a4 b6 11. f4 Bb7 12. Bf3 Nd7 13. Bh4 Nc5 14. Bf2 Rb8 15. Kh1
Re8 16. Bg1 Ba8 17. Nc1 e6 18. N1e2 Qc7 19. Qd2 Red8 20. Nd4 Ne5 21. Rae1 Bh6
22. b4 Ncd7 23. Be2 Rbc8 24. Nd1 Nc4 25. Qd3 e5 26. fxe5 Ndxe5 27. Qh3 Bg7 28.
Bd3 Qd7 29. Qh4 Qxa4 30. Bxc4 Nxc4 31. c3 Qd7 32. Re2 Re8 33. Nf2 Ne5 34. Qg3
Rc7 35. h3 Bb7 36. Nd1 a5 37. b5 Rcc8 38. Nb2 Nc4 39. Nxc4 Rxc4 40. Rfe1 Be5 41.
Qd3 Rcc8 42. c4 Qc7 43. Rc2 Re7 44. Bf2 Bg7 45. Nf3 h6 46. Bg3 Re6 47. Nd4 Ree8
48. Nf3 Re6 49. Nd4 Bxd4 50. Qxd4 Rce8 51. Rce2 Qc5 52. Qd3 a4 53. Bf4 Kg7 54.
Be3 Qc7 55. Bd4+ Kh7 56. Bb2 f6 57. Qd4 Qc5 58. Qc3 Rc8 59. Rc1 Rce8 60. Rce1 1/2-1/2

[Event "Botvinnik 100th Open"]
[Site "St Petersburg RUS"]
[Date "2011.08.19"]
[Round "8"]
[White "Ivkina, Olga"]
[Black "Malakhov, Igor"]
[Result "1-0"]
[WhiteTitle "WIM"]
[BlackTitle "FM"]
[WhiteElo "2294"]
[BlackElo "2448"]
[WhiteFideId "4156820"]
[BlackFideId "4183088"]
[EventDate "2011.08.12"]

1. e4 c5 2. Nf3 Nc6 3. d4 cxd4 4. Nxd4 g6 5. Nc3 Bg7 6. Be3 Nf6 7. Be2 O-O 8.
Nb3 a5 9. a4 Nb4 10. f4 d5 11. e5 Ne8 12. Bf3 Bf5 13. Nd4 Nc7 14. O-O f6 15. e6
Ra6 16. Ncb5 Be4 17. f5 Bxf5 18. Nxc7 Qxc7 19. c3 Nc6 20. Nxf5 gxf5 21. Bxd5 Rd8
22. Rxf5 Ne5 23. Qh5 Rad6 24. c4 Rxd5 25. cxd5 Qc4 26. Rxe5 fxe5 27. Qf7+ Kh8
28. d6 Rf8 29. Qxf8+ Bxf8 30. d7 Qc7 31. Rd1 Qd8 1-0

[Event "Botvinnik 100th Open"]
[Site "St Petersburg RUS"]
[Date "2011.08.19"]
[Round "8"]
[White "Ovod, Evgenija"]
[Black "Sichinava, Zviad"]
[Result "0-1"]
[WhiteTitle "IM"]
[WhiteElo "2420"]
[BlackElo "2364"]
[WhiteFideId "4131827"]
[BlackFideId "24111716"]
[EventDate "2011.08.12"]

1. Nf3 c5 2. c4 Nc6 3. Nc3 g6 4. e3 Bg7 5. d4 cxd4 6. exd4 d6 7. d5 Ne5 8. Nxe5
dxe5 9. c5 Bd7 10. Qb3 Rb8 11. Qa3 a6 12. Be3 Nf6 13. c6 bxc6 14. dxc6 Bxc6 15.
Qxa6 Bd7 16. O-O-O O-O 17. Bb5 Bxb5 18. Qxb5 Qc7 19. Qe2 Rfc8 20. f3 e6 21. Rd3
Nd5 22. Kd1 e4 23. Nxe4 Rxb2 24. Qxb2 Bxb2 0-1

[Event "Botvinnik 100th Open"]
[Site "St Petersburg RUS"]
[Date "2011.08.19"]
[Round "8"]
[White "Bulavin, Alexander"]
[Black "Yaksin, Oleg"]
[Result "1/2-1/2"]
[WhiteElo "2196"]
[BlackElo "2414"]
[WhiteFideId "4178033"]
[BlackFideId "24105880"]
[EventDate "2011.08.12"]

1. Nf3 Nf6 2. c4 e6 3. Nc3 Bb4 4. g3 O-O 5. Bg2 d5 6. cxd5 exd5 7. d4 Ne4 8. Bd2
Bxc3 9. Bxc3 Nd7 10. Bb4 Re8 11. O-O a5 12. Bd2 f6 13. a4 Nb6 14. b3 c6 15. Ne1
Bf5 16. Nd3 Nc8 17. Rc1 Nxd2 18. Qxd2 Bxd3 19. Qxd3 Nd6 20. e3 f5 21. Rfe1 Qf6
22. f3 Qh6 23. Re2 Re7 24. Rce1 Rae8 25. Qc3 Qf6 26. Kf1 Ra8 27. Kg1 Kh8 28. Qc5
g6 29. e4 dxe4 30. fxe4 fxe4 31. Bxe4 Rf8 32. Bg2 Rxe2 33. Rxe2 Nf5 34. Re5 Rd8
35. Qxa5 Nxd4 36. Qe1 Nxb3 37. Re8+ Rxe8 38. Qxe8+ Kg7 39. Qd7+ Qf7 40. Qd3 Qe6
41. Qc3+ Kh6 42. Bf3 b6 43. Bxc6 Nc5 44. Bb5 1/2-1/2

[Event "Botvinnik 100th Open"]
[Site "St Petersburg RUS"]
[Date "2011.08.19"]
[Round "8"]
[White "Sanzhaev, Darsen"]
[Black "Lanin, Alexsej"]
[Result "1-0"]
[BlackTitle "IM"]
[WhiteElo "2211"]
[BlackElo "2423"]
[WhiteFideId "24120030"]
[BlackFideId "4154959"]
[EventDate "2011.08.12"]

1. d4 Nf6 2. c4 e6 3. Nc3 Bb4 4. e3 Bxc3+ 5. bxc3 d6 6. Bd3 c5 7. Ne2 Nc6 8. O-O
e5 9. e4 h6 10. h3 g5 11. f4 gxf4 12. Nxf4 exf4 13. Bxf4 Rg8 14. Kh1 cxd4 15.
cxd4 Nxd4 16. e5 Bxh3 17. gxh3 Qd7 18. Kh2 Qc6 19. Rf2 dxe5 20. Bxe5 Nd7 21.
Bxd4 Qd6+ 22. Kh1 Qxd4 23. Qe2+ Ne5 24. Re1 Rg5 25. Rf5 O-O-O 26. Be4 Qc3 27.
Rxg5 hxg5 28. Bf5+ Nd7 29. Rd1 Kc7 30. Rd5 Qf6 31. Qh2+ Kc8 32. Rc5+ 1-0

[Event "Botvinnik 100th Open"]
[Site "St Petersburg RUS"]
[Date "2011.08.19"]
[Round "8"]
[White "Ponfilenok, Vladimir"]
[Black "Vunder, Andrey"]
[Result "1/2-1/2"]
[WhiteElo "2413"]
[BlackElo "2308"]
[WhiteFideId "24113522"]
[BlackFideId "4128338"]
[EventDate "2011.08.12"]

1. d4 d5 2. Nf3 c5 3. c4 e6 4. cxd5 exd5 5. Nc3 Nc6 6. dxc5 d4 7. Na4 Bxc5 8.
Nxc5 Qa5+ 9. Qd2 Qxc5 10. a3 Bg4 11. Qg5 Qxg5 12. Bxg5 h6 13. Bf4 Nf6 14. Ne5
O-O 15. Nxc6 bxc6 16. f3 Be6 17. e4 dxe3 18. Bxe3 Rfe8 19. Kf2 a5 20. Rd1 Rab8
21. Bc1 c5 22. Bd3 c4 23. Bc2 Rec8 24. Rhe1 c3 25. bxc3 Rxc3 26. Bd3 Bc4 27.
Bxc4 Rxc4 28. Rd2 a4 29. Bb2 Nh7 30. Be5 Rbc8 31. Red1 Ng5 32. Rd8+ Rxd8 33.
Rxd8+ Kh7 34. Rd4 Rc2+ 35. Kf1 Rc1+ 36. Ke2 Rc5 37. Bd6 Rc6 38. Bg3 Ra6 39. Rd6
Ra7 40. Bf2 Ra8 41. Rd7 Rb8 42. Ra7 Rb2+ 43. Kf1 Rb1+ 44. Ke2 Rb2+ 45. Kf1 Rb1+
46. Be1 Ne6 47. Rxa4 Nc5 48. Rd4 Ra1 49. Rd5 Nb3 50. Rd3 Rxa3 51. f4 f6 52. f5
Kg8 53. Rd8+ Kh7 54. Rd3 1/2-1/2

[Event "Botvinnik 100th Open"]
[Site "St Petersburg RUS"]
[Date "2011.08.19"]
[Round "8"]
[White "Bulanov, Dmitri"]
[Black "Tarasova, Viktoriya"]
[Result "1-0"]
[WhiteTitle "FM"]
[BlackTitle "WIM"]
[WhiteElo "2379"]
[BlackElo "2290"]
[WhiteFideId "13506382"]
[BlackFideId "4175840"]
[EventDate "2011.08.12"]

1. e4 e5 2. Nf3 Nc6 3. d4 exd4 4. Nxd4 Nf6 5. Nxc6 bxc6 6. e5 Qe7 7. Qe2 Nd5 8.
c4 Nb6 9. Nc3 Bb7 10. Bf4 g6 11. O-O-O O-O-O 12. Qe3 h6 13. Bd3 Re8 14. Rhe1 Qe6
15. b3 Bb4 16. Kc2 g5 17. Bg3 Kb8 18. h4 Rhg8 19. hxg5 hxg5 20. Bh7 Rh8 21. Qd3
Qe7 22. Bf5 Ba6 23. Qf3 Rd8 24. Re3 Qc5 25. Ne4 Qa5 26. Kb1 Ka8 27. Nf6 Nxc4 28.
bxc4 Bxc4 29. Rb3 Bxb3 30. axb3 Bc3 31. Kc2 Bxe5 32. Bxe5 Qxe5 33. Nxd7 Qb5 34.
Bd3 1-0

[Event "Botvinnik 100th Open"]
[Site "St Petersburg RUS"]
[Date "2011.08.19"]
[Round "8"]
[White "Mokshanov, Alexey"]
[Black "Solovyov, Viktor"]
[Result "0-1"]
[WhiteTitle "FM"]
[WhiteElo "2372"]
[BlackElo "2264"]
[WhiteFideId "24121657"]
[BlackFideId "4102754"]
[EventDate "2011.08.12"]

1. e4 e5 2. Nf3 Nc6 3. Bb5 Nf6 4. d3 d6 5. c3 Be7 6. Nbd2 O-O 7. Nf1 a6 8. Bxc6
bxc6 9. Ng3 Re8 10. O-O c5 11. Re1 h6 12. d4 cxd4 13. cxd4 exd4 14. Nxd4 Bb7 15.
Ndf5 Bf8 16. f3 d5 17. e5 Nd7 18. Bf4 c5 19. Qa4 c4 20. Nh5 Nc5 21. Qb4 Re6 22.
Nhxg7 Rb6 23. Qa5 Nd3 24. Nh5 Bb4 25. Nxh6+ Rxh6 26. Qxd8+ Rxd8 27. Bxh6 Bxe1
28. Nf6+ Kh8 29. Ng4 Bb4 30. Rb1 Bc8 31. Bg5 Rg8 32. Bf6+ Kh7 33. h3 Bc5+ 34.
Kf1 Bxg4 35. hxg4 Bd4 0-1

[Event "Botvinnik 100th Open"]
[Site "St Petersburg RUS"]
[Date "2011.08.19"]
[Round "8"]
[White "Polyaninov, Aleksey"]
[Black "Usmanov, Vasily"]
[Result "0-1"]
[WhiteElo "2365"]
[BlackElo "2260"]
[WhiteFideId "4118499"]
[BlackFideId "4135741"]
[EventDate "2011.08.12"]

1. c4 e6 2. Nf3 d5 3. g3 dxc4 4. Qa4+ Nd7 5. Bg2 Nf6 6. O-O c5 7. Qxc4 b6 8. d4
Bb7 9. Nc3 Be7 10. Rd1 O-O 11. Ne5 Bxg2 12. Kxg2 Rc8 13. Qa4 Qc7 14. Nxd7 Qxd7
15. Qxd7 Nxd7 16. d5 exd5 17. Nxd5 Rfe8 18. Nxe7+ Rxe7 19. b3 Nf8 20. Be3 f6 21.
a4 Kf7 22. Rd5 Rcc7 23. a5 Rcd7 24. Rxd7 Rxd7 25. axb6 axb6 26. Ra8 Rb7 27. g4
Ne6 28. h4 g6 29. Rh8 Kg7 30. Rc8 h5 31. g5 f5 32. Rc6 Kf7 33. Kf3 f4 34. Rxe6
Kxe6 35. Bxf4 Ra7 36. b4 cxb4 37. Ke4 Rd7 0-1

[Event "Botvinnik 100th Open"]
[Site "St Petersburg RUS"]
[Date "2011.08.19"]
[Round "8"]
[White "Kuznetsov, Nikolay P."]
[Black "Serov, Maksim"]
[Result "0-1"]
[WhiteTitle "FM"]
[WhiteElo "2299"]
[BlackElo "2364"]
[WhiteFideId "4175379"]
[BlackFideId "4181905"]
[EventDate "2011.08.12"]

1. d4 f5 2. Nf3 g6 3. g3 Nf6 4. Bg2 Bg7 5. O-O O-O 6. c4 d6 7. Qb3 Nc6 8. Rd1
Ne4 9. Nc3 Kh8 10. Qc2 Nxc3 11. bxc3 Qe8 12. c5 dxc5 13. Ba3 Bd7 14. Bxc5 b6 15.
Ba3 Na5 16. Nd2 Ba4 17. Nb3 Rd8 18. Rab1 Nc4 19. Bc1 e5 20. e3 c5 21. Bf1 Qf7
22. Qe2 Nd6 23. Qa6 Bc6 24. dxc5 Ne4 25. Rxd8 Rxd8 26. Bb2 Ng5 27. Bc4 Qd7 28.
cxb6 Qd1+ 29. Rxd1 Rxd1+ 30. Bf1 Nh3# 0-1

[Event "Botvinnik 100th Open"]
[Site "St Petersburg RUS"]
[Date "2011.08.19"]
[Round "8"]
[White "Kashtanov, Ruslan"]
[Black "Semenova, Irina"]
[Result "1-0"]
[WhiteTitle "IM"]
[BlackTitle "WGM"]
[WhiteElo "2360"]
[BlackElo "2241"]
[WhiteFideId "4124871"]
[BlackFideId "4118367"]
[EventDate "2011.08.12"]

1. d4 Nf6 2. c4 g6 3. Nc3 Bg7 4. e4 d6 5. f3 O-O 6. Bg5 h6 7. Be3 e5 8. Nge2 c6
9. Qd2 exd4 10. Nxd4 Kh7 11. O-O-O Ne8 12. h4 Nd7 13. h5 g5 14. Nf5 Be5 15. g3
Ndf6 16. Nxh6 Bxc3 17. bxc3 Nxe4 18. Bd3 Kxh6 19. Bxe4 f5 20. Bc2 Qf6 21. g4 Kh7
22. Bxg5 Qf7 23. Rde1 Qxc4 24. Re7+ Kh8 25. Bb3 Qc5 26. Bh6 1-0